000
00324nam a2200145Ia 4500
003
OSt
005
20240408112845.0
008
170523s9999 xx 000 0 und d
020
_a
978-1118341711
040
_c
IIMTU MEERUT
100
_a
WILSON
245
0
_a
PROBLEM SOLVING
260
_b
TATA MC GRAW HILL
942
_2
ddc
_c
02
999
_c
1991
_d
1991